Upanisad: con los comentarios advaita de Sánkara

Saved in:
Bibliografiske detaljer
Hovedforfatter: Martín, Consuelo (autora)
Format: Bog
Sprog:spansk
Udgivet: Madrid Trotta 2001
Serier:Colección Estructuras y Procesos. Serie Religión
Fag:
Tags: Tilføj Tag
Ingen Tags, Vær først til at tagge denne postø!

MARC

LEADER 00000nam a2200000 a 4500
001 UCM6049
003 CL-VaPUC
008 021025e20010000SP |||||||||||||||||spa|d
082 0 4 |a 121  |b MAR  |2 21 
100 |a Martín, Consuelo  |e autora  |9 472059 
245 1 0 |a Upanisad: con los comentarios advaita de Sánkara 
300 |a 267 p 
942 |c BK 
945 |d 20021025 00:00:00  |a cmena 
260 |a Madrid  |b Trotta  |c 2001 
650 0 |a Teoría del conocimiento   |9 255038 
650 0 |a Verdad  |9 313815 
650 0 |a Filosofía hindú  |9 431231 
650 0 |a Metafísica  |9 265649 
583 |a last modification  |c 20021025 00:00:00  |k Rodrigo Vera 
490 0 |a Colección Estructuras y Procesos. Serie Religión 
999 |c 301715  |d 301713 
952 |0 0  |1 0  |4 0  |6 121_000000000000000_MAR_2001  |7 0  |8 A  |9 361256  |a BIBTEO  |b BIBTEO  |d 2019-11-21  |i 3843920  |o 121 MAR 2001  |p 3843920  |r 2025-01-17  |w 2019-11-21  |y BK  |k ICR